1053 1971 1776 1287 1949 1254 1995 1200 1206 1750 1056 1856 1973 1383 1412 1236 1725 1583 1420 1979 1032 1002 1155 1238 1477 1586 1264 1603 1154 1844 1621 1032 1287 1846 1484 1075 1056 1545 1281 1573 1771 1291 1600 1271 1880 1320 1195 1847 1968 1189 1516 1970 1343 1786 1297 1382 1517 1102 1567 1872 1489 1949 1545 1165 1487 1965 1620 1577 1448 1587 1721 1813 1642 1355 1288 1656 1419 1461 1398 1476 1982 1890 1375 1564 1829 1569 1120 1787 1296 1971 1368 1362 1230 1752 1449 1514 1669 1032 1870 BCNSPRNW ULIB Ver.6.0+V

เปลี่ยนเป็นภาษาไทย

Change to English
 แสดงรายละเอียดบรรณานุกรม
  กลับหน้าหลัก

Brief Record : Get Marc (ISO 2709) : E-mail record : QR code < ปิดหน้าต่าง
LEADER : 00000nam 2200000uu 4500
001    13399114684
003     ULIB
008    110627s2550||||th 000 0 tha d
020    978
090    นว.^bส731น
100 0  สิรินดา
245 00 นิยามรักหัวใจร็อค/^cสิรินดา
250    พิมพ์ครั้งที่ 1
260    กรุงเทพฯ :^bแจ่มใส,^c2550
300    335 หน้า
710 1  แจ่มใส
945    ^p209^l0^i022042
995    ทศพร
999 ^a ใช้งานได้ทุกระบบ
รายการนี้ยังไม่มีแท็ก
คุณยังไม่ได้ล็อกอิน คุณสามารถมีกิจกรรมร่วมกับเว็บไซต์ได้ แต่ต้องล็อกอินก่อน ::
  ล็อกอิน

รายการสื่อสารสนเทศ

ลำดับที่ ประเภท เลขเรียก/บาร์โค้ด สถานที่ สถานะ
1. นวนิยาย
นวนิยาย
นว. ส731น  
  Barcode: 022042
ห้องสมุดวิทยาเขตสวรรค์ประชารักษ์
►นวนิยาย
บนชั้น
  ขอยืม

รายการใกล้เคียง
    ผู้แต่ง [สิรินดา]

BibComment


ยังไม่เคยถูกคอมเมนท์

คอมเมนท์ทรัพยากรรายการนี้
  คอมเมนท์: นิยามรักหัวใจร็อค..


 Copyright 2026. Bcnsprnw @Library